Statistics for Biggest Urban Areas in Canada

Click here to take the quiz!

General Stats

  • This quiz has been taken 740 times
  • The average score is 14 of 24

Answer Stats

PopulationCity or Town% Correct
5,429,524Toronto
100%
3,519,595Montréal
98%
2,264,823Vancouver
98%
1,237,656Calgary
94%
1,062,643Edmonton
94%
989,567Ottawa
94%
705,103Quebec City
88%
711,925Winnipeg
83%
316,701Halifax
79%
214,631Regina
74%
245,181Saskatoon
71%
178,427St. John’s
65%
383,437London
62%
335,696Victoria
62%
693,645Hamilton
59%
287,069Windsor
54%
470,015Kitchener
33%
151,957Kelowna
26%
308,875Oshawa
22%
139,565Sherbrooke
22%
145,614Barrie
20%
229,246St. Catharines
20%
132,397Guelph
17%
121,279Abbotsford
15%

Score Distribution

Percentile by Number Answered

Percent of People with Each Score

Your Score History

You have not taken this quiz